000 00583nam a2200181 i 4500
001 47259
003 ES-MaACL
005 20230906161529.0
007 t|
008 030404s1969 sp ||||1| spa d
100 1 _aCoon, Carlenton S.
_940375
245 1 4 _aLas razas humanas actuales /
_cCarlenton S. Coon ; con la colaboración de Edward E. Hunt ; lo tradujo M. Arturo Valls.
260 _aMadrid :
_bGuadarrama,
_c[1969]
300 _a555 p., 16 lám. ;
_c18 cm.
700 1 _aHunt, Edward E.
_964740
700 1 _aValls, Arturo.
_9112927
852 _aES-MaACL
_jC-37051
_bR.69290
999 _c47259
_d47259